<?xml version="1.0" encoding="UTF-8"?>
<record
    xmlns:xsi="http://www.w3.org/2001/XMLSchema-instance"
    xsi:schemaLocation="http://www.loc.gov/MARC21/slim http://www.loc.gov/standards/marcxml/schema/MARC21slim.xsd"
    xmlns="http://www.loc.gov/MARC21/slim">

  <leader>03476nam a2200553Ia 4500</leader>
  <controlfield tag="001">1589</controlfield>
  <controlfield tag="008">241029s9999    xx            000 0 und d</controlfield>
  <datafield tag="010" ind1=" " ind2=" ">
    <subfield code="a">1483</subfield>
  </datafield>
  <datafield tag="041" ind1=" " ind2=" ">
    <subfield code="a">Espa&#xF1;ol</subfield>
  </datafield>
  <datafield tag="082" ind1=" " ind2=" ">
    <subfield code="a">ST MA-ES 0020 FH 2004</subfield>
  </datafield>
  <datafield tag="245" ind1=" " ind2="0">
    <subfield code="a">Impacto de los avances tecnol&#xF3;gicos y formaci&#xF3;n profesional en el ejercicio de la agrimensura en la sociedad dominicana, a&#xF1;o 2004</subfield>
  </datafield>
  <datafield tag="260" ind1=" " ind2=" ">
    <subfield code="a">Santo Domingo</subfield>
  </datafield>
  <datafield tag="300" ind1=" " ind2=" ">
    <subfield code="a">127</subfield>
  </datafield>
  <datafield tag="520" ind1=" " ind2=" ">
    <subfield code="a">21</subfield>
  </datafield>
  <datafield tag="630" ind1=" " ind2=" ">
    <subfield code="a">Formaci&#xF3;n</subfield>
  </datafield>
  <datafield tag="630" ind1=" " ind2=" ">
    <subfield code="a">Incidencia</subfield>
  </datafield>
  <datafield tag="630" ind1=" " ind2=" ">
    <subfield code="a">Recursos Tecnol&#xF3;gicos</subfield>
  </datafield>
  <datafield tag="650" ind1=" " ind2=" ">
    <subfield code="a">Calidad Docente</subfield>
  </datafield>
  <datafield tag="690" ind1=" " ind2=" ">
    <subfield code="a">Elaborado</subfield>
  </datafield>
  <datafield tag="700" ind1=" " ind2=" ">
    <subfield code="e">asesor</subfield>
    <subfield code="a">Viloria Santos, Juan Francisco</subfield>
  </datafield>
  <datafield tag="700" ind1=" " ind2=" ">
    <subfield code="e">autor</subfield>
    <subfield code="a">Rosario, Andr&#xE9;s de Jes&#xFA;s</subfield>
  </datafield>
  <datafield tag="700" ind1=" " ind2=" ">
    <subfield code="e">autor</subfield>
    <subfield code="a">Gonz&#xE1;lez, H&#xE9;ctor M.</subfield>
  </datafield>
  <datafield tag="901" ind1=" " ind2=" ">
    <subfield code="a">{"1":"Rosario","2":"Gonz&#xE1;lez"}</subfield>
    <subfield code="b">{"1":"Andr&#xE9;s de Jes&#xFA;s","2":"H&#xE9;ctor M."}</subfield>
  </datafield>
  <datafield tag="902" ind1=" " ind2=" ">
    <subfield code="a">1</subfield>
  </datafield>
  <datafield tag="903" ind1=" " ind2=" ">
    <subfield code="a">{"1":"Viloria Santos"}</subfield>
    <subfield code="b">{"1":"Juan Francisco"}</subfield>
  </datafield>
  <datafield tag="904" ind1=" " ind2=" ">
    <subfield code="a">Maestro en</subfield>
  </datafield>
  <datafield tag="905" ind1=" " ind2=" ">
    <subfield code="a">Ense&#xF1;anza Superior</subfield>
  </datafield>
  <datafield tag="906" ind1=" " ind2=" ">
    <subfield code="a">2</subfield>
  </datafield>
  <datafield tag="907" ind1=" " ind2=" ">
    <subfield code="a">NO APLICA</subfield>
  </datafield>
  <datafield tag="908" ind1=" " ind2=" ">
    <subfield code="a">NO APLICA</subfield>
  </datafield>
  <datafield tag="909" ind1=" " ind2=" ">
    <subfield code="a">Universidad Aut&#xF3;noma de Santo Domingo (UASD)</subfield>
  </datafield>
  <datafield tag="910" ind1=" " ind2=" ">
    <subfield code="a">NULL</subfield>
    <subfield code="b">NULL</subfield>
  </datafield>
  <datafield tag="911" ind1=" " ind2=" ">
    <subfield code="a">["1"]</subfield>
  </datafield>
  <datafield tag="912" ind1=" " ind2=" ">
    <subfield code="a">NO APLICA</subfield>
  </datafield>
  <datafield tag="913" ind1=" " ind2=" ">
    <subfield code="a">NULL</subfield>
  </datafield>
  <datafield tag="914" ind1=" " ind2=" ">
    <subfield code="a">01 de Marzo de 2004</subfield>
  </datafield>
  <datafield tag="915" ind1=" " ind2=" ">
    <subfield code="a">19/07/15 12:07</subfield>
  </datafield>
  <datafield tag="916" ind1=" " ind2=" ">
    <subfield code="a">NULL</subfield>
  </datafield>
  <datafield tag="917" ind1=" " ind2=" ">
    <subfield code="a">NULL</subfield>
  </datafield>
  <datafield tag="918" ind1=" " ind2=" ">
    <subfield code="a">NO APLICA</subfield>
  </datafield>
  <datafield tag="919" ind1=" " ind2=" ">
    <subfield code="a">["200","209","218"]</subfield>
  </datafield>
  <datafield tag="520" ind1=" " ind2=" ">
    <subfield code="a">Este estudio se plante&#xF3; como objetivo principal, determinar si la formaci&#xF3;n t&#xE9;cnico cient&#xED;fica de los egresados de las escuelas de agrimensura del pa&#xED;s cumplen con los est&#xE1;ndares profesionales (t&#xE9;cnico-profesional) demandados para la sociedad dominicana y, comprobar si los avances tecnol&#xF3;gicos introducidos en el &#xE1;rea de la topograf&#xED;a requieren capacitaci&#xF3;n y actualizaci&#xF3;n del profesional de la agrimensura en la sociedad dominicana.El tipo de investigaci&#xF3;n utilizado fue de corte exploratorio y descriptivo. Para los procedimientos metodol&#xF3;gicos, se utilizaron los siguientes tipos: deducci&#xF3;n-inducci&#xF3;n y an&#xE1;lisis-s&#xED;ntesis. Las t&#xE9;cnicas que se utilizaron fueron el an&#xE1;lisis documental, la entrevista y la encuesta. Se trabaj&#xF3; con una muestra de 83 estudiantes universitarios de la UASD; UNPHU y la INCE.Los an&#xE1;lisis realizados, indican que el ejercicio profesional de la agrimensura no est&#xE1; en estrecha relaci&#xF3;n con los avances cient&#xED;ficos y tecnol&#xF3;gicos y, en consecuencia, el curr&#xED;culo de la carrera de agrimensura requiere de los niveles de actualizaci&#xF3;n y los componentes acordes con dichos avances. Adem&#xE1;s, no hay correspondencia con el perfil del egresado versus las exigencias que demandan las empresas. Los planes de estudios no est&#xE1;n actualizados y el n&#xFA;mero de asignatura no es suficiente para lograr la formaci&#xF3;n profesional que requiere el agrimensor.Dentro de las principales recomendaciones se deben dotar los talleres y laboratorios de agrimensura de equipos modernos con el objetivo de que los estudiantes, desde el inicio de la carrera, se familiaricen con los equipos y est&#xE9;n conformes con los avances tecnol&#xF3;gicos del momento. Adem&#xE1;s, se propone la inclusi&#xF3;n en el pensum de la carrera, la materia de manejo de programas computarizados como el Autocad, GPS, Digitalizaci&#xF3;n de planos, entre otros programas y, la realizaci&#xF3;n de modificaciones sustanciales en las estrategias y metodolog&#xED;as de ense&#xF1;anza-aprendizaje.</subfield>
  </datafield>
  <datafield tag="921" ind1=" " ind2=" ">
    <subfield code="a">16</subfield>
  </datafield>
  <datafield tag="922" ind1=" " ind2=" ">
    <subfield code="a">16</subfield>
  </datafield>
  <datafield tag="923" ind1=" " ind2=" ">
    <subfield code="a">0</subfield>
  </datafield>
  <datafield tag="924" ind1=" " ind2=" ">
    <subfield code="a">NO APLICA</subfield>
  </datafield>
  <datafield tag="942" ind1=" " ind2=" ">
    <subfield code="c">Tesis</subfield>
  </datafield>
  <datafield tag="999" ind1=" " ind2=" ">
    <subfield code="c">1483</subfield>
    <subfield code="d">1483</subfield>
  </datafield>
</record>
